| 000 | 00935nam a2200241 a 4500 | ||
|---|---|---|---|
| 001 | 83587 | ||
| 003 | BD-RjUL | ||
| 005 | 20240425111920.0 | ||
| 008 | 240425s2007 bg a|||| m||| 00| 0 eng d | ||
| 035 | _a(BD-RjUL)83587 | ||
| 040 |
_aBD-RjUL _beng _cBD-RjUL _dBD-RjUL |
||
| 041 | _aeng | ||
| 082 |
_223 _a572.6 _bUDP 2007 |
||
| 100 |
_aUddin, Md. Belal _912722 |
||
| 245 | 1 | 0 |
_aPurification, Charcteri Zation and Structure-Function Analysis of Jute Seed Proteins / _cBy Md. Belal Uddin ; _6Supervisor : Nurul Absar |
| 260 |
_aRajshahi : _bDepartment of Biochemistry and Molecular Biology, University of Rajshahi, _c2007 |
||
| 300 |
_axii, 132 Leaves : _bill, ; _c29 cm. |
||
| 502 | _aThesis (Ph. D.) -- Department of Biochemistry and Molecular Biology, University of Rajshahi, 2007 | ||
| 504 | _aReferences : Leaves 119-132 | ||
| 650 |
_aBiochemistry _vProteins _912723 |
||
| 700 |
_aAbsar, Nurul, Supervisor _93389 |
||
| 942 |
_2ddc _cTHE |
||
| 999 |
_c83587 _d83587 |
||